Victor Wembanyama - Statistiques

Statistiques générales
  • Ce quiz a été pris 68 fois
  • Le résultat moyen est 9 sur 13
Statistiques - réponses
Hint Réponse % Correct
Quelle est son année de naissace? 2004
100%
Quel est son numéro de maillot ? 1
92%
Par quelle équipe NBA est-il drafté en 2023 ? San Antonio Spurs
92%
Contre quelle nation perd-il en finale à la coupe du monde des moins de 19 ans ? Etats-Unis
85%
Que fait-il en moyenne 3,7 fois par match en NBA ? Contre
83%
Quelle est sa taille ? (à un cm près) 2,24m
82%
Quel est son surnom ? Alien
82%
Quel est son record de points inscrits sur un seul match en NBA ? 50 points
78%
Quelle récompense individuelle gagne-t-il à l'issue de la saison 2023-2024 ? Rookie of the Year
78%
Quel était son coach en équipe de France pendant les JO 2024? Vincent Collet
57%
Quel est son dernier club en France ? Metropolitans 92
40%
Quel est le prénom de sa soeur, elle aussi basketteuse ? Eve
38%
Quel est son département de naissance? Yvelines
27%
Aucun quiz correspondant
Distribution des résultats
% des personnes avec chaque résultat
Percentile par nombre de réponses
Votre historique - résultats
Vous n’avez pas pris ce quiz